[Event "CZE-chT2E 0910"]
[Site "Czech Republic"]
[Date "2009.12.06"]
[Round "4.4"]
[White "Pakosta, Miroslav"]
[Black "Banas, Kamil"]
[Result "1/2-1/2"]
[WhiteElo "2126"]
[BlackElo "2225"]
[PlyCount "47"]
[EventDate "2009.10.18"]
[EventType "team-tourn"]
[EventRounds "11"]
[EventCountry "CZE"]
[SourceTitle "EXT 2012"]
[Source "ChessBase"]
[SourceDate "2011.11.24"]
[SourceVersion "1"]
[SourceVersionDate "2011.11.24"]
[SourceQuality "1"]
[WhiteTeam "Brno Lokomotiva"]
[BlackTeam "Hustopece"]
[WhiteTeamCountry "CZE"]
[BlackTeamCountry "CZE"]

1. e4 e5 2. Nc3 Nc6 3. g3 Bc5 4. Bg2 d6 5. d3 Be6 6. Na4 Qe7 7. Ne2 h5 8. b3 h4 9. Nxc5 dxc5 10. Bb2 0-0-0 11. Qd2 g5 12. 0-0-0 h3 13. Bf1 Bg4 14. f4 Nf6 15. fxe5 Nh7 16. Re1 Nxe5 17. Ng1 f6 18. Qf2 Nf8 19. Be2 Bd7 20. Nf3 Ng4 21. Qg1 Ng6 22. Nd2 N4e5 23. Qf2 g4 24. Ba3 1/2-1/2